Nueva escuela coral: para asociaciones corales y establecimientos de enseñanza

שמור ב:
מידע ביבליוגרפי
מחבר ראשי: Graetzer, Guillermo (Author)
פורמט: ספר
שפה:ספרדית
יצא לאור: Buenos Aires Ricordi Americana 1979
נושאים:
תגים: הוספת תג
אין תגיות, היה/י הראשונ/ה לתייג את הרשומה!

MARC

LEADER 00000nam a2200000 a 4500
001 UCN2692
003 CL-VaPUC
008 010531e19790000AG |||||||||||||||||spa|d
082 0 4 |a 782.507  |b GRA  |2 21 
100 |a Graetzer, Guillermo  |e author  |9 630361 
245 1 0 |a Nueva escuela coral: para asociaciones corales y establecimientos de enseñanza 
300 |a v 
942 |c BK 
945 |d 20010531 00:00:00  |a crobeson 
260 |a Buenos Aires  |b Ricordi Americana  |c 1979 
500 |a v.1: Teoría y ejercicios 
650 0 |a Música coral   |9 327326 
650 0 |a Música vocal   |9 306287 
650 0 |a Música estudio e instrucción   |9 306355 
650 0 |a Teoría musical  |9 265760 
583 |a last modification  |c 20010531 00:00:00  |k Rodrigo Vera 
999 |c 295747  |d 295745 
952 |0 0  |1 0  |4 0  |6 782_507000000000000_GRA_1979  |7 0  |8 A  |9 349079  |a BIBEDU  |b BIBEDU  |d 2019-11-20  |h v.1  |i 1185381  |o 782.507 GRA 1979  |p 1185381  |r 2023-01-12  |w 2019-11-20  |y BK  |k MUS